| 000 | 00606nam a2200217Ia 4500 | ||
|---|---|---|---|
| 008 | 160517s9999 xx 000 0 und d | ||
| 050 | _aT 58.6 | ||
| 050 | _b.B453 2016 | ||
| 100 | _aBeltran, Wilbert O. | ||
| 245 | _aOnline credential request system of SISC - college division / | ||
| 245 | _cWilbert O. Beltran. | ||
| 260 | _aLas PiƱas, Philippines : | ||
| 260 | _bSISC, | ||
| 260 | _c2016. | ||
| 300 | _a132 pages : | ||
| 300 | _billustrations ; | ||
| 300 | _c28 cm. | ||
| 500 | _aIncludes bibliographical references and appendices. | ||
| 521 | _aInformation Technology | ||
| 942 | _cTH | ||
| 999 |
_c293941 _d293941 |
||